Handbook for electronics engineering technicians / (Record no. 74426)
[ view plain ]
| 000 -LEADER | |
|---|---|
| fixed length control field | 00758nam a2200241 a 4500 |
| 001 - CONTROL NUMBER | |
| control field | 74426 |
| 003 - CONTROL NUMBER IDENTIFIER | |
| rucl marc code | BD-RjUL |
| 005 - DATE AND TIME OF LATEST TRANSACTION | |
| control field | 20211209082542.0 |
| 008 - FIXED-LENGTH DATA ELEMENTS--GENERAL INFORMATION | |
| fixed length control field | 180919s1976 nyua|||| i||| 001 0 eng d |
| 020 ## - INTERNATIONAL STANDARD BOOK NUMBER | |
| International Standard Book Number | 0070334013 : |
| Terms of availability | 17.60 pound |
| 035 ## - SYSTEM CONTROL NUMBER | |
| System control number | (BD-RjUL) 74644 |
| 040 ## - CATALOGING SOURCE | |
| Original cataloging agency | BD-RjUL |
| Language of cataloging | eng |
| Transcribing agency | BD-RjUL |
| 041 ## - LANGUAGE CODE | |
| Language code of text/sound track or separate title | eng |
| 082 ## - DEWEY DECIMAL CLASSIFICATION NUMBER | |
| Edition number | 23 |
| Classification number | 621.38 |
| Author mark and year | HAN 1976 |
| 245 ## - TITLE STATEMENT | |
| Title | Handbook for electronics engineering technicians / |
| Statement of responsibility, etc. | eds. Milton Kaufman, Arthur H. Seidman. |
| 260 ## - PUBLICATION, DISTRIBUTION, ETC. (IMPRINT) | |
| Place of publication, distribution, etc. | NewYork : |
| Name of publisher, distributor, etc. | Mcgraw-hill , |
| Date of publication, distribution, etc. | c1976 |
| 300 ## - PHYSICAL DESCRIPTION | |
| Pagination | 509 str. loč. pag. : |
| Illustrations | ilustr. ; |
| Size | 23 cm. |
| 500 ## - GENERAL NOTE | |
| General note | Includes Index |
| 650 ## - SUBJECT ADDED ENTRY--TOPICAL TERM | |
| Topical term or geographic name as entry element | electronics |
| Form subdivision | Handbooks ,Manuals ,etc |
| 9 (RLIN) | 222780 |
| 700 ## - ADDED ENTRY--PERSONAL NAME | |
| Personal name | Kaufman, Milton |
| Personal name | Seidman, Arthur H. |
| 942 ## - ADDED ENTRY ELEMENTS (KOHA) | |
| Source of classification or shelving scheme | Dewey Decimal Classification |
| Koha item type | Books |
| Lost status | Source of classification or shelving scheme | Damaged status | Not for loan | Collection code | Permanent Location | Current Location | Shelving location | Date acquired | Source of acquisition | Cost, normal purchase price | Total Checkouts | Full call number | Date last seen | Copy number | Koha item type |
|---|---|---|---|---|---|---|---|---|---|---|---|---|---|---|---|
| Dewey Decimal Classification | Not For Loan | Non-fiction | Central Library, University of Rajshahi | Central Library, University of Rajshahi | Reading Room | 01/03/1982 | Hefer | 17.80 | 621.38 HAN 1976 | 19/09/2018 | C-1 | Books | |||
| Dewey Decimal Classification | Non-fiction | Central Library, University of Rajshahi | Central Library, University of Rajshahi | 12/04/1982 | Heffers | 17.60 | 621.38 HAN 1976 | 15/11/2018 | C-2 | Books | |||||
| Dewey Decimal Classification | Non-fiction | Central Library, University of Rajshahi | Central Library, University of Rajshahi | 12/04/1982 | Heffers | 17.60 | 621.38 HAN 1976 | 15/11/2018 | C-3 | Books |